Sports Quiz

Random Sports or MLB Quiz

MLB (Hitting) Triple Crown Contenders Quiz Stats

 Plays Quiz not verified by Sporcle

Score 0/73 Timer 10:00
1 Play Today
Year & Team Player Name % Correct
2009 STLAlbert Pujols
99%
2006 STLAlbert Pujols
99%
2005 STLAlbert Pujols
99%
2010 CINJoey Votto
97.6%
2010 DETMiguel Cabrera
97.6%
1926 NYYBabe Ruth
97.5%
1924 NYYBabe Ruth
97.5%
1921 NYYBabe Ruth
97.5%
1923 NYYBabe Ruth
97.4%
1947 BOS*Ted Williams
96.5%
1946 BOSTed Williams
96.5%
1972 CHCBilly Williams
96.4%
1949 BOSTed Williams
96.4%
1942 BOS*Ted Williams
96.4%
1994 CHWFrank Thomas
96.3%
1937 NYYLou Gehrig
96%
1934 NYY*Lou Gehrig
96%
1933 NYYLou Gehrig
96%
1930 NYYLou Gehrig
96%
1927 NYYLou Gehrig
96%
1928 NYYLou Gehrig
95.9%
1997 COLLarry Walker
95.1%
1956 NYY*Mickey Mantle
95%
1994 HOUJeff Bagwell
94%
1965 SFWillie Mays
93.9%
1955 NYGWillie Mays
93.9%
1949 STLStan Musial
93.5%
1948 STLStan Musial
93.5%
1967 BOS*Carl Yastrzemski
92.3%
1907 DETTy Cobb
91.7%
1910 DETTy Cobb
91.7%
1909 DET*Ty Cobb
91.7%
1911 DETTy Cobb
91.6%
1966 BAL*Frank Robinson
90.9%
1962 CINFrank Robinson
90.9%
1938 BOSJimmie Foxx
90.6%
1933 PHA*Jimmie Foxx
90.6%
Year & Team Player Name % Correct
1932 PHAJimmie Foxx
90.6%
1935 PHAJimmie Foxx
90.6%
1998 CHWAlbert Belle
88.9%
1994 CLEAlbert Belle
88.9%
1937 NYYJoe DiMaggio
88.3%
1978 BOSJim Rice
86.8%
1963 MLNHank Aaron
85.9%
1959 MLNHank Aaron
85.9%
1929 CHCRogers Hornsby
84.5%
1927 NYGRogers Hornsby
84.5%
1925 STL*Rogers Hornsby
84.5%
1922 STL*Rogers Hornsby
84.5%
1921 STLRogers Hornsby
84.5%
1995 COLDante Bichette
82.5%
1908 PITHonus Wagner
76%
1978 PITDave Parker
67.8%
1901 PHA*Nap Lajoie
62.7%
1933 PHI*Chuck Klein
59.5%
1932 PHIChuck Klein
59.5%
1930 PHIChuck Klein
59.5%
1937 STL*Joe Medwick
56.6%
1972 CHWDick Allen
54.7%
1953 CLEAl Rosen
54.1%
1929 PHAAl Simmons
53.9%
1920 SLBGeorge Sisler
50.6%
1939 STLJohnny Mize
49.6%
1923 DETHarry Heilmann
41.9%
1908 DETSam Crawford
37.2%
1913 PHIGavvy Cravath
20%
1945 BSNTommy Holmes
16.9%
1912 CHCHeinie Zimmerman
7.8%
1905 CINCy Seymour
7%
1901 BOSBuck Freeman
4.3%
1918 PHAGeorge Burns
2.8%
1901 BROJimmy Sheckard
2.6%
1902 BOS-CLECharlie Hickman
1.6%

You're not logged in!

Compare scores with friends on all Sporcle quizzes.
OR
Log In

Show Comments

Extras

Top Quizzes Today


Score Distribution

Your Account Isn't Verified!

In order to create a playlist on Sporcle, you need to verify the email address you used during registration. Go to your Sporcle Settings to finish the process.

Report this User

Report this user for behavior that violates our Community Guidelines.

Details: